• 首页
  • 本馆介绍
  • 公告通知
  • 最新文献
  • 馆藏检索
  • 电子资源
  • 读者导购
  • 参考咨询
  • 我的图书馆
  • 登录
  • 详细信息显示
  • 放入我的书架
  • 预约/预借图书
  • 作者相关作品
  • 分类相关作品
  • 丛书相关作品
  • 出版社相关作品

书目信息

  • 表格格式
  • 工作单格式
  • 卡片格式
题名:
剩余价值理论
    
 
作者: 马克思 著 ;中共中央马克思恩格斯列宁斯大林著作编译局 译
分册: 第二册  
出版信息: 北京   人民出版社  1975
页数: 676页
开本: 20cm
丛书名:
单 册:
中图分类: A166
科图分类:
主题词: 马恩著作--专题汇编--经济
电子资源:
ISBN:
000 00930nam0 2200253 45
001 0175004232
005 20060812164308.20
010    @b精装@dCNY1.75
091    @a1001.915
100    @a19950724d1975 em y0chiy0121 ea
101 1  @achi@brus@cger
102    @aCN@b110000
105    @af z 000yy
200 10 @a剩余价值理论@Asheng yu jia zhi li lun@e《资本论》第四卷@E《Zi Ben Lun》Di Si Juan@h第二册@f马克思著@FMa Ke Si Zhu@g中共中央马克思恩格斯列宁斯大林著作编译局译
210    @a北京@c人民出版社@d1975
215    @a676页@c插图@d20cm
517    @a《资本论》第四卷@A《Zi Ben Lun》Di Si Juan
606 0  @a马恩著作@x专题汇编@x经济
690    @aA166@v3
701  0 @a马克思@4著
712 02 @a中共中央马克思恩格斯列宁斯大林著作编译局@Azhong gong zhong yang ma ke si en ge si lie ning si da lin zhu zuo bian yi ju@4译
801  2 @aCN@bNLC@c20060812
801  0 @aCN@b广东省中山图书馆@c20031225
905    @dA166@e11:2@f1@b79011
    
    剩余价值理论:《资本论》第四卷.第二册/马克思著/中共中央马克思恩格斯列宁斯大林著作编译局译.-北京:人民出版社,1975
    676页:插图;20cm
    
    
    ISBN (精装):CNY1.75
    
●
相关链接 在E读中查询图书 在五车中查询图书 在当当中查询图书 在豆瓣中查询图书


正题名:剩余价值理论     索取号:A166/11:2         预约/预借

序号 登录号 条形码 馆藏地/架位号 状态 备注
1 0079010   000950206   第一借阅区/ [索取号:A166/11:2] 在馆    
2 0079011   000949567   第一样本阅览室/ [索取号:A166/11:2] 在馆    
3 0458985   204589855   密集书库/ [索取号:A166/11:2] 在馆    
唐山师范学院图书馆 欢迎您!
大连网信软件有限公司© 版权所有